Intercultural communication in contexts / (Record no. 12607)

MARC details
000 -LEADER
fixed length control field 00925pam a2200265 a 4500
001 - CONTROL NUMBER
control field 3999037
003 - CONTROL NUMBER IDENTIFIER
control field mut
005 - DATE AND TIME OF LATEST TRANSACTION
control field 20240606081230.0
008 - FIXED-LENGTH DATA ELEMENTS--GENERAL INFORMATION
fixed length control field 960710s1997 caua b 001 0 eng
010 ## - LIBRARY OF CONGRESS CONTROL NUMBER
LC control number 96032310
020 ## - INTERNATIONAL STANDARD BOOK NUMBER
International Standard Book Number 1559345861
040 ## - CATALOGING SOURCE
Original cataloging agency DLC
Transcribing agency mut
Modifying agency DLC
050 00 - LIBRARY OF CONGRESS CALL NUMBER
Classification number HM 258
Item number .M194 1997
082 00 - DEWEY DECIMAL CLASSIFICATION NUMBER
Classification number 303.48/2
Edition information 20
100 1# - MAIN ENTRY--PERSONAL NAME
Personal name Martin, Judith N.
245 10 - TITLE STATEMENT
Title Intercultural communication in contexts /
260 ## - PUBLICATION, DISTRIBUTION, ETC.
Place of publication, distribution, etc. Mountain View, Calif. :
Name of publisher, distributor, etc. Mayfield Pub. Co.,
Date of publication, distribution, etc. c1997.
300 ## - PHYSICAL DESCRIPTION
Extent xxii, 297 p. :
Other physical details ill. ;
Dimensions 24 cm.
504 ## - BIBLIOGRAPHY, ETC. NOTE
Bibliography, etc. note Includes bibliographical references and indexes.
650 #0 - SUBJECT ADDED ENTRY--TOPICAL TERM
Topical term or geographic name entry element Intercultural communication.
700 1# - ADDED ENTRY--PERSONAL NAME
Personal name Nakayama, Thomas K.
906 ## - LOCAL DATA ELEMENT F, LDF (RLIN)
a 7
b cbc
c orignew
d 1
e ocip
f 19
g y-gencatlg
942 ## - ADDED ENTRY ELEMENTS (KOHA)
Source of classification or shelving scheme Library of Congress Classification
Koha item type Books
Holdings
Withdrawn status Lost status Source of classification or shelving scheme Damaged status Not for loan Home library Current library Shelving location Date acquired Source of acquisition Total checkouts Full call number Barcode Date last seen Price effective from Koha item type
    Library of Congress Classification     Murang'a University of Technology Library Murang'a University of Technology Library General stacks 03/10/2017 Donation-TFC   HM 258 .M194 1997 013601 30/08/2024 03/10/2017 Books